Specific Relief Act (Record no. 45601)

MARC details
000 -LEADER
fixed length control field 00388nam a22001577a 4500
008 - FIXED-LENGTH DATA ELEMENTS--GENERAL INFORMATION
fixed length control field 230221b ||||| |||| 00| 0 eng d
082 ## - DEWEY DECIMAL CLASSIFICATION NUMBER
Classification number 349.54
Item number MUS
041 ## - LANGUAGE CODE
Language code of text/sound track or separate title eng
100 ## - MAIN ENTRY--PERSONAL NAME
Personal name Mudgil Hari Kishan
245 ## - TITLE STATEMENT
Title Specific Relief Act
Statement of responsibility, etc. By hari Kishan Mudgil
260 ## - PUBLICATION, DISTRIBUTION, ETC.
Place of publication, distribution, etc. India
Name of publisher, distributor, etc. Singhal Law Pub.
Date of publication, distribution, etc. 2021
300 ## - PHYSICAL DESCRIPTION
Extent 208p.
650 ## - SUBJECT ADDED ENTRY--TOPICAL TERM
Topical term or geographic name entry element LAW
700 ## - ADDED ENTRY--PERSONAL NAME
Personal name Khatri Nishant
942 ## - ADDED ENTRY ELEMENTS (KOHA)
Koha item type Books
Holdings
Withdrawn status Lost status Source of classification or shelving scheme Damaged status Not for loan Home library Current library Date acquired Source of acquisition Cost, normal purchase price Total Checkouts Full call number Barcode Date last seen Price effective from Koha item type
    Dewey Decimal Classification     Chaudhary Ranbir Singh University Chaudhary Ranbir Singh University 16.02.2023 Metro Books Pvt. Ltd. 190.00   349.54 MUS 28892 21.02.2023 21.02.2023 Books
    Dewey Decimal Classification     Chaudhary Ranbir Singh University Chaudhary Ranbir Singh University 16.02.2023 Metro Books Pvt. Ltd. 190.00   349.54 MUS 28893 21.02.2023 21.02.2023 Books


Copyright © 2025 CRSU. All Rights Reserved.